Digitazioni di Parole - "Sovramagnificentissimamente" - Statistics

Statistiche generali
  • Questo quiz è stato fatto 26 volte
  • Il punteggio medio è 23 su 27
Statistiche sulle risposte
Lettera % Corretto
A
100%
A
100%
M
100%
O
100%
R
100%
S
100%
V
100%
G
93%
I
93%
N
93%
C
87%
E
87%
F
87%
I
87%
I
87%
N
87%
S
87%
S
87%
T
87%
I
80%
M
73%
A
67%
E
67%
E
67%
M
67%
N
67%
T
67%
Nessun quiz corrispondente trovato
Distribuzione punteggi
Percentuale di utenti per punteggio
Percentile per numero di risposta
I tuoi punteggi nel tempo
Non hai fatto questo quiz